00559nam a22001337a 4500003000900000005001700009008004700026020001500073040002200088100002200110245005800132260020600190300002900396DO-SdBNP20171201110248.0171110b 1999 sp ||||| |||| 00| 0 spa d a8492067292 aBPMSUbspacBPMSU1 aBermejo, Amalia 10aLa literatura infantil en España /cAmalia Bermejo. aBarcelona : b Asociación Española de Amigos del Libro Infantil y Juvenil, bMinisterio de Cultura, Centro del Libro y la Lectura, Organización Española para el Libro Infantil y Juvenil,c1999. a80 p.. : bil. ;c21 cm.